Paroles - Allumer le feu, Johnny Hallyday - Statistiques

Statistiques générales
  • Ce quiz a été pris 412 fois
  • Le résultat moyen est 229 sur 288
Statistiques - réponses
Paroles % Correct
à
100%
Allumer
99%
allumer
99%
feu,
99%
feu
99%
le
99%
Et
97%
et
97%
les
94%
dans
93%
la
87%
de
86%
Il
86%
étincelle
84%
pour
83%
pour,
83%
dieux
82%
d’un
82%
D’un
82%
sa
82%
suffira
82%
d’une
81%
yeux
80%
faire
79%
flamme
79%
danser
77%
l’état
76%
sauvage
76%
vos
76%
diables
75%
rien,
75%
qui
74%
Revenir
73%
cage
72%
geste
72%
l’orage
72%
se
72%
Se
72%
mot
71%
temps
71%
voir
71%
d’amour
70%
loup
70%
nos
70%
Nos
70%
Oui
70%
oui
70%
Oui,
70%
oui,
70%
Sortir
70%
des
68%
Tourner
66%
veines
65%
vent
64%
déchaîne
63%
grandir
61%
grandir,
61%
sang
61%
bruit
58%
démarrent
58%
en
58%
barrages
57%
motos
57%
Sentir
57%
son
57%
guitares
55%
Battre
54%
lion
53%
Je
50%
l’arène
45%
portes,
44%
Monter
43%
peu
43%
veux
42%
chaînes
41%
Forcer
41%
foule
41%
délire
40%
contact
37%
problèmes
35%
libérer
34%
Oh,
34%
guerre,
33%
Lâcher
33%
rires
32%
tonnerre
32%
haches
31%
foudre
28%
jour
28%
l’éclair
28%
peines
28%
toutes
28%
fête
25%
Laisser
25%
derrière
22%
L’odeur
22%
poudre,
20%
Yeah
19%
Aucun quiz correspondant
Distribution des résultats
% des personnes avec chaque résultat
Percentile par nombre de réponses
Votre historique - résultats
Vous n’avez pas pris ce quiz